| 000 | 00554nam a2200205 a 4500 | ||
|---|---|---|---|
| 001 | 2416 | ||
| 003 | CO-ViMGA | ||
| 008 | 141112s2004 ck r 000 u spa d | ||
| 040 |
_aCO-ViMGA _bspa _cCO-ViMGA |
||
| 082 | 0 | 4 | _a463.1 M644o |
| 100 | 1 |
_aMojica, Gonzalo _951306 |
|
| 245 | 1 | 0 |
_aOrtografía integral / _cMojica Gonzalo , Amado Roberto |
| 250 | _a4a | ||
| 260 |
_aBogotá : _bEducar, _c1991 |
||
| 300 | _a125 p : il | ||
| 650 | 1 | 4 |
_aAmado, Roberto _951307 |
| 650 | 1 | 4 |
_aESPAÑOL - ORTOGRAFIA _95486 |
| 650 | 1 | 4 |
_aORTOGRAFIA _96186 |
| 942 |
_2ddc _cBK |
||
| 999 |
_c14504 _d14504 |
||